[Event "South African op"]
[Site "Cape Town"]
[Date "2022.07.13"]
[Round "7"]
[White "Chironda, Sean Kudzai"]
[Black "Nelson, Jaco"]
[Result "1/2-1/2"]
[WhiteElo "1422"]
[BlackElo "1762"]
[PlyCount "89"]
[EventDate "2022.07.09"]
[EventType "swiss"]
[EventRounds "11"]
[EventCountry "RSA"]
[SourceTitle "CBM 209 Extra"]
[Source "ChessBase"]
[SourceDate "2022.09.30"]
[SourceVersion "1"]
[SourceVersionDate "2022.09.30"]
[SourceQuality "1"]

1. c4 e5 2. Nc3 c6 3. Nf3 Qc7 4. e3 Nf6 5. d4 e4 6. Nd2 d5 7. Qb3 Be6 8. h3 Be7 9. a3 0-0 10. Qa2 Rd8 11. b3 c5 12. cxd5 Nxd5 13. Nxd5 Bxd5 14. Qc2 Qc6 15. dxc5 Bxc5 16. Ra2 Nd7 17. Bc4 Ne5 18. Bxd5 Rxd5 19. 0-0 f5 20. b4 Bb6 21. Qxc6 bxc6 22. Rc2 c5 23. Nc4 Nd3 24. b5 Bc7 25. Bd2 Rb8 26. a4 g5 27. Ba5 Rb7 28. Bxc7 Rxc7 29. a5 Rb7 30. b6 axb6 31. axb6 Ne5 32. Rb1 Nxc4 33. Rxc4 Kf7 34. g4 Kf6 35. gxf5 Rd6 36. Rxc5 Rbxb6 37. Rxb6 Rxb6 38. Kg2 h5 39. h4 gxh4 40. Kh3 Rb2 41. Kxh4 Rxf2 42. Kxh5 Rg2 43. Kh4 Rg8 44. Ra5 Rg1 45. Rb5 1/2-1/2

[Event "South African op"]
[Site "Cape Town"]
[Date "2022.07.11"]
[Round "5"]
[White "Wilken, Justin Barend"]
[Black "Chironda, Sean Kudzai"]
[Result "1-0"]
[WhiteElo "1862"]
[BlackElo "1422"]
[PlyCount "105"]
[EventDate "2022.07.09"]
[EventType "swiss"]
[EventRounds "11"]
[EventCountry "RSA"]
[SourceTitle "CBM 209 Extra"]
[Source "ChessBase"]
[SourceDate "2022.09.30"]
[SourceVersion "1"]
[SourceVersionDate "2022.09.30"]
[SourceQuality "1"]

1. d4 d5 2. Nf3 e6 3. Bf4 Nf6 4. e3 c5 5. c3 Bd6 6. Ne5 0-0 7. Nd2 Qb6 8. Rb1 Nbd7 9. Nec4 dxc4 10. Nxc4 Qc6 11. Bxd6 Re8 12. dxc5 Nxc5 13. Ne5 Qd5 14. Qxd5 exd5 15. Bxc5 Rxe5 16. Bd4 Rf5 17. h4 Ng4 18. f3 Ne5 19. Be2 Nc6 20. g4 Nxd4 21. gxf5 Bxf5 22. Rd1 Nxe2 23. Kxe2 Be6 24. Rd4 h5 25. Rhd1 g6 26. e4 dxe4 27. Rd8+ Rxd8 28. Rxd8+ Kg7 29. fxe4 Bxa2 30. Ra8 a6 31. Ra7 b6 32. Ke3 Bc4 33. Kd4 Bf1 34. c4 a5 35. c5 bxc5+ 36. Kxc5 g5 37. Rxa5 gxh4 38. Kd4 Kg6 39. Ra1 Bg2 40. Ke3 h3 41. Kf2 Bxe4 42. Kg3 Bg2 43. b4 h4+ 44. Kh2 Kf6 45. b5 Ke6 46. b6 Kd6 47. Rb1 Bb7 48. Kxh3 f5 49. Kxh4 f4 50. Rc1 f3 51. Kg3 Be4 52. Rc7 Bd5 53. Rg7 1-0

[Event "South African op"]
[Site "Cape Town"]
[Date "2022.07.10"]
[Round "3"]
[White "Chironda, Sean Kudzai"]
[Black "Lewis, Mark MM"]
[Result "0-1"]
[WhiteElo "1422"]
[BlackElo "1874"]
[PlyCount "77"]
[EventDate "2022.07.09"]
[EventType "swiss"]
[EventRounds "11"]
[EventCountry "RSA"]
[SourceTitle "CBM 209 Extra"]
[Source "ChessBase"]
[SourceDate "2022.09.30"]
[SourceVersion "1"]
[SourceVersionDate "2022.09.30"]
[SourceQuality "1"]

1. c4 Nf6 2. Nf3 g6 3. Nc3 Bg7 4. e4 d6 5. d4 0-0 6. Be2 c6 7. Be3 Qa5 8. Bd2 Qc7 9. Rc1 Nbd7 10. b4 e5 11. d5 a5 12. a3 axb4 13. axb4 Qb6 14. 0-0 Re8 15. Rb1 Nf8 16. Be3 Qc7 17. h3 Bd7 18. Qd3 Ra3 19. Ra1 Rxa1 20. Rxa1 cxd5 21. Nxd5 Nxd5 22. cxd5 Rc8 23. Ra7 f5 24. exf5 gxf5 25. Nh4 f4 26. Bd2 Qb6 27. Ra2 Re8 28. Bh5 e4 29. Qc2 Re5 30. Bg4 e3 31. Be1 Bxg4 32. hxg4 Rg5 33. f3 Qd4 34. Nf5 Qe5 35. Bh4 Rxf5 36. Qxf5 Qd4 37. Kh2 Qxb4 38. Be7 Qe1 39. Qd3 0-1